| 000 | 01422cam a22003734a 4500 | ||
|---|---|---|---|
| 001 | 13985925 | ||
| 003 | OSt | ||
| 005 | 20230920160529.0 | ||
| 008 | 050531r20062000enk bd 001 0 eng | ||
| 010 | _a 2005015706 | ||
| 020 | _a0415385768 (hbk.) | ||
| 020 | _a9780415385763 (hbk.) | ||
| 020 | _a0415385776 (pbk.) | ||
| 020 | _a9780415385770 (pbk.) | ||
| 035 | _a(OCoLC)ocm60558691 | ||
| 040 |
_aDLC _cDLC _dBAKER _dBWKUK _dOCLCQ _dNLGGC _dYDXCP _dDLC |
||
| 042 | _apcc | ||
| 050 | 0 | 0 |
_aD13 _b.M86 2006 |
| 082 | 0 | 0 |
_a907.2 _bMUN/H |
| 084 |
_a15.00 _2bcl |
||
| 100 | 1 |
_aMunslow, Alun, _d1947- |
|
| 245 | 1 | 4 |
_aThe Routledge companion to historical studies / _cAlun Munslow. |
| 250 | _a2nd ed. | ||
| 260 |
_aLondon ; _aNew York : _bRoutledge, _c2006. |
||
| 300 |
_axiv, 298 p. ; _c25 cm. |
||
| 504 | _aIncludes bibliographical references (p. 249-278) and index. | ||
| 650 | 0 |
_aHistoriography _xHistory _y20th century _vDictionaries. |
|
| 650 | 0 |
_aHistory _xPhilosophy _vDictionaries. |
|
| 856 | 4 | 1 |
_3Table of contents _uhttp://www.loc.gov/catdir/toc/ecip0513/2005015706.html |
| 856 | 4 | 2 |
_3Publisher description _uhttp://www.loc.gov/catdir/enhancements/fy0711/2005015706-d.html |
| 906 |
_a7 _bcbc _corignew _d1 _eecip _f20 _gy-gencatlg |
||
| 942 |
_2ddc _cBK _h907.2 _iMUN/H _k907.2 _mMUN/H |
||
| 999 |
_c42255 _d42255 |
||